000 00502nam a2200157 i 4500
001 83010
003 ES-MaACL
005 20230906174751.0
007 t|
008 041115s1967 sp s ||||1| spa d
245 0 0 _aContabilidad nacional de España
_b: año 1965 y avance de 1966 /
_cInstituto Nacional de Estadística.
260 _a[Madrid :
_bs.n.],
_c1967.
300 _aIX, 151 p. ;
_c27 cm.
710 2 _aInstituto Nacional de Estadística (España)
_95162
852 _aES-MaACL
_jC-36410
_bR.67051
999 _c83010
_d83010